Living The Cross Centred Life (Record no. 11163)

MARC details
000 -LEADER
fixed length control field 00574nam a2200229 a 4500
001 - CONTROL NUMBER
control field 0001-1163
003 - CONTROL NUMBER IDENTIFIER
control field ELIB.Books
008 - FIXED-LENGTH DATA ELEMENTS--GENERAL INFORMATION
fixed length control field 150506 2010 eng
020 ## - INTERNATIONAL STANDARD BOOK NUMBER
International Standard Book Number 9781593282882
035 ## - SYSTEM CONTROL NUMBER
System control number (ELIB.Books)0001-1318
092 ## - LOCALLY ASSIGNED DEWEY CALL NUMBER (OCLC)
Classification number 248.4
Item number Mah
100 ## - MAIN ENTRY--PERSONAL NAME
Personal name Mahaney, C. J.
245 ## - TITLE STATEMENT
Title Living The Cross Centred Life
260 ## - PUBLICATION, DISTRIBUTION, ETC. (IMPRINT)
Place of publication, distribution, etc. New York
Name of publisher, distributor, etc. Multnomah Books
Date of publication, distribution, etc. 2006
300 ## - PHYSICAL DESCRIPTION
Extent 133
Dimensions 21
650 ## - SUBJECT ADDED ENTRY--TOPICAL TERM
Topical term or geographic name as entry element Christian Life
856 ## - ELECTRONIC LOCATION AND ACCESS
Name of location of host KBTS: Library
Uniform Resource Identifier <a href="KBTS: Elib">KBTS: Elib</a>
942 ## - ADDED ENTRY ELEMENTS (KOHA)
Source of classification or shelving scheme Dewey Decimal Classification
Koha item type Books
990 ## - EQUIVALENCES OR CROSS-REFERENCES [LOCAL, CANADA]
Link information for 9XX fields 1
998 ## - LOCAL CONTROL INFORMATION (RLIN)
Cataloger's initials, CIN (RLIN) bat
-- 2015-05-06
Holdings
Withdrawn status Lost status Source of classification or shelving scheme Damaged status Not for loan Home library Current library Date acquired Total Checkouts Barcode Date last seen Bill Date Koha item type
    Dewey Decimal Classification     Karen Baptist Theological Seminary Library Karen Baptist Theological Seminary Library 06/05/2015   15399 22/01/2022 22/01/2022 Books
Implemented & Customized by: BestBookBuddies

Powered by Koha